| 000 | 01461cam a2200241 4500 | ||
|---|---|---|---|
| 001 | ABS65943 | ||
| 008 | 020918n2002 000 0 eng u | ||
| 035 | _a(Sirsi) u119744 | ||
| 100 | _aKeedwell, S | ||
| 245 | _aIntroducing the hydrographer to offshore wind farms | ||
| 260 | _c2002 | ||
| 490 |
_aThe Hydrographer Journal _v(105) July 2002, 3-10(8) |
||
| 520 | _aThe development of a renewable and sustainable energy source is fundamental to many European Government Energy policies. There are many types of renewable energy source, of which wind power is one. Wind power has been developed in many offshore locations. However, land for new developments is relatively scarce, and this is compounded by the objections of local residents, necessitating developers to look at the marine offshore environment. Careful consideration must be given to the environmental factors when building an offshore wind farm. The hydrographer and geoscientist will play a crucial role in these developments. This paper introduces the subject of offshore wind energy and provides an overview of what will be required of hydrographers and geoscientists. Tables, maps and graphs. [Taken from journal abstract]. | ||
| 590 | _aABS | ||
| 650 | _aHYDROGRAPHIC SURVEYS | ||
| 650 | _aWIND FARMS | ||
| 650 | _aOFFSHORE WIND POWER | ||
| 650 | _aRENEWABLE ENERGY | ||
| 650 | _aSUSTAINABLE ENERGY | ||
| 650 | _aMARINE ENVIRONMENT | ||
| 690 |
_aGeomatics _96242 |
||
| 942 | _n0 | ||
| 999 |
_c71176 _d71176 |
||